Т. 2; Успехи органической химии

Bibliographische Detailangaben
Parent link:Успехи органической химии: [сборник статей]/ под ред. И. Л. Кнунянца. Т. 2.— , 1963-
Sprache:Russisch
Veröffentlicht: 1964
Schlagworte:
Format: MixedMaterials Buch
KOHA link:https://koha.lib.tpu.ru/cgi-bin/koha/opac-detail.pl?biblionumber=158570

MARC

LEADER 00000nam2a2200000 4500
001 158570
005 20231101222039.0
035 |a (RuTPU)RU\TPU\book\171978 
035 |a RU\TPU\book\171977 
090 |a 158570 
100 |a 20090425d1964 k y0rusy50 ca 
101 0 |a rus 
102 |a RU 
105 |a a z 001zy 
200 0 |a Т. 2 
210 |d 1964 
215 |a 477 с.  |c черт. 
320 |a Библиогр. в конце ст. 
320 |a Предметный указатель: с. 459-471. 
461 1 |0 (RuTPU)RU\TPU\book\192018  |t Успехи органической химии  |o [сборник статей]  |o пер. с англ.  |f под ред. И. Л. Кнунянца  |v Т. 2  |d 1963-  
606 1 |a Органическая химия  |2 stltpush  |3 (RuTPU)RU\TPU\subj\47309  |9 66362 
610 1 |a алкенилгалогениды 
610 1 |a алкенилмагнийгалогениды 
610 1 |a этиловый эфир 
610 1 |a тиоэфиры 
610 1 |a синтез 
610 1 |a кетены 
610 1 |a органический синтез 
610 1 |a ядерный магнитный резонанс 
610 1 |a гидрирование 
610 1 |a дегидрирование 
610 1 |a химические превращения 
610 1 |a фотохимические реакции 
610 1 |a мускарин 
675 |a 547  |v 3 
801 1 |a RU  |b 63413507  |c 20090425  |g PSBO 
801 2 |a RU  |b 63413507  |c 20160629  |g PSBO 
942 |c BK